Bank Marketing <A> Guide to Strategic Planning

Na minha lista:
Detalhes bibliográficos
Autor principal: Reidenbach, R. Eric
Outros Autores: Pitts, Robert E.
Formato: Livro
Idioma:inglês
Publicado em: Englewood Cliffs Prentice Hall 1986
Edição:1. ed.
Assuntos:
Tags: Adicionar Tag
Sem tags, seja o primeiro a adicionar uma tag!

MARC

LEADER 00000nam a2200000 4500
001 c009663
005 20221207074422.4
020 |a 0-8359-0408-3 
041 0 |a eng 
044 |a US 
245 1 0 |a Bank Marketing  |b <A> Guide to Strategic Planning  |c R. Eric Reidenbach, Robert E. Pitts 
250 |a 1. ed. 
264 1 |a Englewood Cliffs  |b Prentice Hall  |c 1986 
300 |a 245 s. 
610 2 0 |a trh peňažný 
610 2 0 |a plánovanie strategické 
610 2 0 |a kontrola 
610 2 0 |a banky 
100 1 |a Reidenbach, R. Eric 
700 1 |a Pitts, Robert E.